000 00692nam a22002297a 4500
003 UA-OsUOA
001 88531
007 ta
008 20121009b un ||||| |||| 00| 0 ukr d
100 _aГоворушко Т.А.
700 _aСитник І.П.
090 _a330
_bГ57
942 _cSA
040 _aUA-OsUOA
_bukr
_cUA-OsUOA
_dUA-OsUOA
245 _aСучасні теоретичні аспекти переосмислення походження та сутності грошей
300 _aС.77-81
955 _a0
041 _aukr
080 _a330
773 0 _w88528
_tЕкономіка АПК
_dК.
_d2012
_g10
650 7 _a330 Економіка взагалі
_2UDC
999 _c374399
_d374399